Catálogo

La reina de las siete espadas = (Registro nro. 41514)

Detalles MARC
000 -LEADER
fixed length control field 01553cam a2200385 i 4500
001 - CONTROL NUMBER
control field 41514
003 - CONTROL NUMBER IDENTIFIER
control field Mx-PuUPA
005 - DATE AND TIME OF LATEST TRANSACTION
control field 20250911100002.0
008 - FIXED-LENGTH DATA ELEMENTS--GENERAL INFORMATION
fixed length control field 140415s2009 mx gr 001 0 spa d
020 ## - INTERNATIONAL STANDARD BOOK NUMBER
International Standard Book Number 9789709442779
040 ## - CATALOGING SOURCE
Original cataloging agency Mx-PuUPA
Language of cataloging spa
Transcribing agency Mx-PuUPA
Modifying agency Mx-PuUPA
Description conventions rda
041 1# - LANGUAGE CODE
Language code of text/sound track or separate title spa
-- eng
100 1# - MAIN ENTRY--PERSONAL NAME
Personal name Chesterton, G. K.,
Fuller form of name (Gilbert Keith),
Dates associated with a name 1874-1936
Relator term autor
9 (RLIN) 6386
245 13 - TITLE STATEMENT
Title La reina de las siete espadas =
Remainder of title The queen of seven swords /
Statement of responsibility, etc. Gilbert K. Chesterton ; traducción, prólogo y selección de José Antonio Hernández García ; posfacio de Dale Ahlquist
246 31 - VARYING FORM OF TITLE
Title proper/short title The queen of seven swords
250 ## - EDITION STATEMENT
Edition statement Primera edición
264 #1 - PRODUCTION, PUBLICATION, DISTRIBUTION, MANUFACTURE, AND COPYRIGHT NOTICE
Place of production, publication, distribution, manufacture México, D. F. :
Name of producer, publisher, distributor, manufacturer Ediciones Fósforo,
Date of production, publication, distribution, manufacture, or copyright notice 2009
300 ## - PHYSICAL DESCRIPTION
Extent 150 páginas ;
Dimensions 21 cm
336 ## - CONTENT TYPE
Fuente rdacontent
Content type term texto
Content type code txt
337 ## - MEDIA TYPE
Source rdamedia
Media type term sin medio
Media type code n
338 ## - CARRIER TYPE
Source rdacarrier
Carrier type term volumen
Carrier type code nc
490 0# - SERIES STATEMENT
Series statement Colección Dos Mitades
500 ## - GENERAL NOTE
General note "Seguido de una breve antología de poemas de inspiración religiosa". -- Portada.
546 ## - LANGUAGE NOTE
Language note Texto en inglés y español.
650 #7 - SUBJECT ADDED ENTRY--TOPICAL TERM
Topical term or geographic name entry element Poesía inglesa
General subdivision Traducciones
Source of heading or term armarc
Chronological subdivision 1900-1945
650 #7 - SUBJECT ADDED ENTRY--TOPICAL TERM
Topical term or geographic name entry element Poesía inglesa
Source of heading or term armarc
650 #7 - SUBJECT ADDED ENTRY--TOPICAL TERM
Topical term or geographic name entry element Literatura inglesa
Chronological subdivision Siglo XX
Source of heading or term armarc
700 1# - ADDED ENTRY--PERSONAL NAME
Personal name Hernández García, José Antonio
Relator term traductor
-- prologuista
-- compilador
700 1# - ADDED ENTRY--PERSONAL NAME
Personal name Ahlquist, Dale,
Relator term posfacio
942 ## - ADDED ENTRY ELEMENTS (KOHA)
Source of classification or shelving scheme Dewey Decimal Classification
Koha item type Libro
Classification part 821.912
Item part C4218
Existencias
Withdrawn status Lost status Source of classification or shelving scheme Damaged status Not for loan Collection code Home library Current library Shelving location Date acquired Source of acquisition Cost, normal purchase price Total Checkouts Full call number Barcode Date last seen Cost, replacement price Price effective from Koha item type
    Dewey Decimal Classification     General Biblioteca Karol Wojtyla Biblioteca Karol Wojtyla Sala general 03/12/2013 Donación 0.00   821.912 C42 2009 62963 05/01/2026 0.00 03/12/2013 Libro